| 000 | 01341nam a2200337Ia 4500 | ||
|---|---|---|---|
| 001 | ebr10156434 | ||
| 003 | CaPaEBR | ||
| 006 | m u | ||
| 007 | cr cn||||||||| | ||
| 008 | 060616s2006 enk sb 001 0 eng d | ||
| 015 |
_aGBA677334 _2bnb |
||
| 020 | _z9781403976116 (hbk.) : | ||
| 020 | _z1403976112 (hbk.) : | ||
| 040 |
_aCaPaEBR _cCaPaEBR |
||
| 035 | _a(OCoLC)182530035 | ||
| 050 | 1 | 4 |
_aBP170.5.A1 _bM36 2006eb |
| 082 | 0 | 4 |
_a297.574082091821 _222 |
| 100 | 1 | _aMansson McGinty, Anna. | |
| 245 | 1 | 0 |
_aBecoming Muslim _h[electronic resource] : _bWestern women's conversions to Islam / _cAnna Mansson-McGinty. |
| 260 |
_aBasingstoke : _bPalgrave Macmillan, _c2006. |
||
| 300 | _a208 p. | ||
| 504 | _aIncludes bibliographical references and index. | ||
| 533 |
_aElectronic reproduction. _bPalo Alto, Calif. : _cebrary, _d2009. _nAvailable via World Wide Web. _nAccess may be limited to ebrary affiliated libraries. |
||
| 650 | 0 |
_aMuslim converts from Christianity _zEurope. |
|
| 650 | 0 |
_aMuslim women _zEurope _xSocial conditions. |
|
| 650 | 0 |
_aWomen in Islam _zEurope. |
|
| 650 | 0 |
_aSex role _xReligious aspects _xIslam. |
|
| 655 | 7 |
_aElectronic books. _2local |
|
| 710 | 2 | _aebrary, Inc. | |
| 856 | 4 | 0 |
_uhttp://site.ebrary.com/lib/rucke/Doc?id=10156434 _zAn electronic book accessible through the World Wide Web; click to view |
| 999 |
_c93599 _d93599 |
||